000 00280nam a22001337a 4500
008 170424b xxu||||| |||| 00| 0 eng d
020 _a9781581977738
041 _aeng
080 _a573
100 _a11
101 _aSHM
245 _aXAM BIOLOGY
_cWYNNE.SH
942 _2udc
_cBK
999 _c11586
_d11586